00471 2200193 4500001002100000005001500021008004100036020002200077035001900099041000700118082001200125090001800137100001600155245002700171260002900198300002900227500001100256650001000267INLIS00000000002447120241224131725241224||||||||| | ||| |||| || |  a978-602-95159-5-4 0010-1224024471 aid0 a297.912 a297.912 RID m0 aRidha Anwar00aMendapat Gelar al-Amin abekasibAmmar Kidzc2010 a20x21 cm, 24hlm.; ilus.: aCet. 1 0aAgama